<?xml version="1.0" encoding="UTF-8"?>
<collection xmlns:xsi="http://www.w3.org/2001/XMLSchema-instance" xsi:schemaLocation="http://www.loc.gov/MARC21/slim http://www.loc.gov/standards/marcxml/schema/MARC21slim.xsd" xmlns="http://www.loc.gov/MARC21/slim">
 <record>
  <leader>00000cam a22000004i 4500</leader>
  <controlfield tag="001">UP-99796217613577590</controlfield>
  <controlfield tag="003">Buklod</controlfield>
  <controlfield tag="005">20210203164215.0</controlfield>
  <controlfield tag="006">m     o  u        </controlfield>
  <controlfield tag="007">ta</controlfield>
  <controlfield tag="008">210203s2019    xx     d     r    |||| u|</controlfield>
  <datafield tag="020" ind1=" " ind2=" ">
   <subfield code="a">9781138577473 (paperback)</subfield>
  </datafield>
  <datafield tag="035" ind1=" " ind2=" ">
   <subfield code="a">(iLib)UPD-00522071595</subfield>
  </datafield>
  <datafield tag="040" ind1=" " ind2=" ">
   <subfield code="a">OCLC</subfield>
   <subfield code="d">DEDUC</subfield>
   <subfield code="e">rda</subfield>
  </datafield>
  <datafield tag="041" ind1=" " ind2=" ">
   <subfield code="a">eng</subfield>
  </datafield>
  <datafield tag="042" ind1=" " ind2=" ">
   <subfield code="a">DMLUC</subfield>
  </datafield>
  <datafield tag="090" ind1=" " ind2=" ">
   <subfield code="a">LB 1139.23</subfield>
   <subfield code="b">P44 2019</subfield>
  </datafield>
  <datafield tag="245" ind1="0" ind2="0">
   <subfield code="a">Pedagogies for children's perspectives</subfield>
   <subfield code="c">edited by Catherine Patterson and Laurie Kocher.</subfield>
  </datafield>
  <datafield tag="264" ind1=" " ind2="1">
   <subfield code="a">London</subfield>
   <subfield code="b">Routledge</subfield>
   <subfield code="c">2019.</subfield>
  </datafield>
  <datafield tag="300" ind1=" " ind2=" ">
   <subfield code="a">xxii, 205 pages</subfield>
   <subfield code="c">24 cm.</subfield>
  </datafield>
  <datafield tag="336" ind1=" " ind2=" ">
   <subfield code="a">text</subfield>
   <subfield code="2">rdacontent</subfield>
  </datafield>
  <datafield tag="337" ind1=" " ind2=" ">
   <subfield code="a">unmediated</subfield>
   <subfield code="2">rdamedia</subfield>
  </datafield>
  <datafield tag="338" ind1=" " ind2=" ">
   <subfield code="a">volume</subfield>
   <subfield code="2">rdacarrier</subfield>
  </datafield>
  <datafield tag="490" ind1="0" ind2=" ">
   <subfield code="a">Thinking about pedagogy in early childhood education.</subfield>
  </datafield>
  <datafield tag="504" ind1=" " ind2=" ">
   <subfield code="a">Includes bibliographical references and index.</subfield>
  </datafield>
  <datafield tag="505" ind1="0" ind2=" ">
   <subfield code="a">Young children's perspectives of the material learning environment / Alison Clark and Solveig Nordt²mme -- &quot;It will be difficult to practice something we don't know how to do&quot; : listening to children as they transition to school / Sara M. &quot;lafsdâottir and Jâohanna Einarsdâottir -- &quot;Can you shout a little louder?&quot; : listening and hearing children's voices through play / Natalie Canning -- Editorial provocations : engaging readers and extending thinking / Catherine Patterson and Laurie Kocher -- Children and families outside the mainstream : ensuring inclusion for all / Katey De Gioia and Marina Papic -- Lingering in artistic spaces : becoming attuned to children's processes and perspectives through the early childhood studio / Sylvia Kind, Tahmina Shayan and Cheryl Cameron -- Teachers learning to recognize the voice of the child / Derval Carey Jenkins -- Editorial provocations : engaging readers and extending thinking / Catherine Patterson and Laurie Kocher -- Project Work as a tool for intercultural pedagogy / Joäao Formosinho, Jâulia Oliveira-Formosinho and Hâelia Costa -- &quot;No one ever listens to me, not even my daddy&quot; : listening to children described as having &quot;special educational needs&quot; and disabilities (SEND) / Caroline Jones -- Working with and listening to families / Josephine Bleach -- Editorial provocations : engaging readers and extending thinking / Catherine Patterson and Laurie Kocher -- Leadership of professional learning : essential for innovation and change / Kaye Colmer -- Upholding children's rights in a landscape of legislation, regulations, curriculum frameworks, accreditation, teacher standards and policies / Wendy Shepherd -- When dialogue transforms a system : dynamic democratic systems that listen / Randa Khattar and Karyn Callaghan -- Editorial provocations : engaging readers and extending thinking / Catherine Patterson and Laurie Kocher -- Coda : thinking forward / Alma Fleet and Michael Reed.</subfield>
  </datafield>
  <datafield tag="650" ind1=" " ind2="0">
   <subfield code="a">Early childhood education.</subfield>
  </datafield>
  <datafield tag="650" ind1=" " ind2="0">
   <subfield code="a">Teacher-student relationships.</subfield>
  </datafield>
  <datafield tag="650" ind1=" " ind2="0">
   <subfield code="a">Cognitive styles in children.</subfield>
  </datafield>
  <datafield tag="650" ind1=" " ind2="0">
   <subfield code="a">Preschool children.</subfield>
  </datafield>
  <datafield tag="700" ind1="1" ind2=" ">
   <subfield code="a">Patterson, Catherine</subfield>
   <subfield code="e">editor.</subfield>
  </datafield>
  <datafield tag="700" ind1="1" ind2=" ">
   <subfield code="a">Kocher, Laurie L. M.</subfield>
   <subfield code="d">1959-</subfield>
   <subfield code="e">editor.</subfield>
  </datafield>
  <datafield tag="776" ind1="0" ind2="8">
   <subfield code="i">Online version</subfield>
   <subfield code="t">Pedagogies for children's perspectives</subfield>
   <subfield code="b">First edition.</subfield>
   <subfield code="d">New York : Routledge, [2018]</subfield>
   <subfield code="z">9781351266840</subfield>
   <subfield code="w">(DLC)  2018044899.</subfield>
  </datafield>
  <datafield tag="905" ind1=" " ind2=" ">
   <subfield code="a">FO</subfield>
  </datafield>
  <datafield tag="852" ind1="0" ind2=" ">
   <subfield code="a">UPD</subfield>
   <subfield code="b">DEDUC</subfield>
   <subfield code="h">LB 1139.23</subfield>
   <subfield code="i">P44 2019</subfield>
  </datafield>
  <datafield tag="942" ind1=" " ind2=" ">
   <subfield code="a">Book</subfield>
  </datafield>
 </record>
</collection>
